MARC

LEADER 00000cam a2200000 7i4500
001 0000020527
005 20080128.0
040 |a INS 
090 0 0 |a AVO97 
110 1 |a Kursus penilaian berkanun untuk penolong pegawai penilaian   |k 2007 6 - 9 Ogos   |c INSPEN, Bangi 
245 0 0 |a Kursus penilaian berkanun untuk penolong pegawai penilaian :   |b 6 - 9 Ogos 2007   |c Anjuran Pusat Penilaian dan Perkhidmatan Harta INSPEN 
260 |a Bangi :   |b Institut Penilaian Negara ,   |c 2007 
300 |a 1 v. ( Mukasurat pelbagai ) :   |b ill. ;   |c 30 cm. 
650 0 0 |a Real property   |x Valuation 
710 1 |a INSPEN ( Institut Penilaian Negara ) 
856 |u http://app.inspen.gov.my:7779/pls/portal/docs/PAGE/CORPORATEPAGES/PORTAL_INSPEN/NOTA_KURSUS/AVO/Z)%20KURSUS%20PENILAIAN%20BERKANUN%20UNTUK%20PENOLONG%20PEGAWAI%20PENILAIAN.PDF 
999 |a AVO0000162   |b BOOK   |c Course Notes   |e Default branch 
999 |a AVO0000163   |b BOOK   |c Course Notes   |e Default branch 
999 |a AVO0000181   |b BOOK   |c Course Notes   |e Default branch